000 00360nam a2200157Ia 4500
008 100122s9999 xx 000 0 und d
082 _b7469
_a823
100 _aRHODE JOHN
245 _aDEAD ON THE TRACK
250 _a0
260 _bTHE CRIME CLUB
_c1955
300 _a50
630 _aDEAD ON THE TRACK
730 _aDEAD ON THE TRACK
942 _cBOOK
999 _c443571
_d443568